| 000 | 00634nam a22002297a 4500 | ||
|---|---|---|---|
| 005 | 20210426081723.0 | ||
| 008 | 210215s2005 ||||| |||| 00| 0 eng d | ||
| 020 | _a9781593082789 | ||
| 020 | _a1593082789 | ||
| 040 |
_aeng _cDLC |
||
| 041 |
_aeng _hger |
||
| 080 |
_a1 _bN-60 |
||
| 100 |
_9872 _aNietzsche, Friedrich |
||
| 245 |
_aThus Spoke Zarathustra _c/ by: Barnes and Noble Classics |
||
| 260 |
_aNew York _bBarnes and Noble Classics _c2005 |
||
| 300 | _a315 p. | ||
| 365 | _b7.95 usd | ||
| 650 | 0 |
_9282 _aPhilosophy |
|
| 653 | _aფილოსოფია | ||
| 700 |
_9873 _aMartin, Clancy _eTranslator |
||
| 942 |
_2udc _cBK |
||
| 999 |
_c1378 _d1378 |
||